[Event "IRQ-ch final"]
[Site "Baghdad"]
[Date "2013.08.15"]
[Round "4"]
[White "Didar, Mohammed Zhaher"]
[Black "Namir, Mohammed Ismael"]
[Result "0-1"]
[WhiteElo "2191"]
[BlackElo "2164"]
[PlyCount "94"]
[EventDate "2013.08.12"]
[EventType "tourn"]
[EventRounds "11"]
[EventCountry "IRQ"]
[SourceTitle "EXT 2018"]
[Source "ChessBase"]
[SourceDate "2017.10.13"]
[SourceVersion "1"]
[SourceVersionDate "2017.10.13"]
[SourceQuality "1"]

1. d4 Nf6 2. Nf3 e6 3. Bg5 c5 4. e3 b6 5. c4 cxd4 6. exd4 Bb7 7. Nc3 Bb4 8. Rc1 0-0 9. Bd3 d5 10. 0-0 dxc4 11. Bxc4 Be7 12. Qe2 Nc6 13. Rfd1 Nb4 14. a3 Nbd5 15. Ba6 Nxc3 16. Rxc3 Bxa6 17. Qxa6 Nd5 18. Bxe7 Qxe7 19. Rc2 h6 20. Rdc1 Qf6 21. Qe2 Rfd8 22. Qe5 Qf4 23. Qxf4 Nxf4 24. g3 Nd5 25. Rc6 Kf8 26. Kf1 Ke7 27. Ke2 Rd6 28. R6c4 f6 29. Kd3 Rad8 30. Ke4 g5 31. g4 h5 32. gxh5 Rh8 33. Rc8 Rdd8 34. Rxd8 Kxd8 35. h4 g4 36. Nd2 Rxh5 37. Rh1 f5+ 38. Kd3 Nf4+ 39. Kc4 Kd7 40. Nf1 Ng6 41. d5 e5 42. Ng3 Rxh4 43. Rd1 f4 44. Ne4 g3 45. d6 f3 46. Kd5 Nf4+ 47. Kc4 Ne2 0-1

[Event "Arab Clubs-chT 11th"]
[Site "Tunis"]
[Date "2009.12.14"]
[Round "3"]
[White "Namir, Mohammed Ismael"]
[Black "Boudriga, Mohamed Ali"]
[Result "1/2-1/2"]
[WhiteElo "2202"]
[BlackElo "2091"]
[PlyCount "148"]
[EventDate "2009.12.12"]
[EventType "team-swiss"]
[EventRounds "9"]
[EventCountry "TUN"]
[SourceTitle "EXT 2020"]
[Source "ChessBase"]
[SourceDate "2019.10.17"]
[SourceVersion "1"]
[SourceVersionDate "2019.10.17"]
[SourceQuality "1"]
[WhiteTeam "Al Kahraba Baghdad"]
[BlackTeam "Club la Tour Blanche"]
[WhiteTeamCountry "IRQ"]
[BlackTeamCountry "TUN"]

1. c4 e6 2. Nc3 d5 3. d4 Nf6 4. Nf3 Be7 5. cxd5 exd5 6. Bg5 Nbd7 7. e3 c6 8. Bd3 Nf8 9. Qc2 Ne6 10. Bh4 g6 11. 0-0 Ng7 12. Rab1 Bf5 13. b4 Bxd3 14. Qxd3 a6 15. a4 0-0 16. b5 axb5 17. axb5 Ra3 18. Qc2 Qa5 19. Rb3 Rxb3 20. Qxb3 Nf5 21. Bxf6 Bxf6 22. bxc6 bxc6 23. g3 Nd6 24. Na4 Ra8 25. Nc5 Qc7 26. Rb1 Qc8 27. Kg2 Nb5 28. Rc1 Nd6 29. Nd2 Bd8 30. Qc2 Ba5 31. Ncb3 Bxd2 32. Nxd2 Ra6 33. Qc5 Qe6 34. Qc2 h5 35. h4 Qg4 36. Rb1 Nf5 37. Rb8+ Kh7 38. Nf3 Qxg3+ 39. fxg3 Nxe3+ 40. Kh3 Nxc2 41. Rb2 Nxd4 42. Nxd4 c5 43. Nf3 Ra7 44. Rd2 d4 45. Nxd4 cxd4 46. Rxd4 Ra2 47. Rd7 Kg7 48. Rc7 Rf2 49. Rb7 Kh6 50. Rb6 Kg7 51. Rb7 Kf8 52. Ra7 Re2 53. Rb7 Kg7 54. Ra7 Kf6 55. Rb7 Ke6 56. Rb6+ Kf5 57. Rb5+ Re5 58. Rb2 f6 59. Rf2+ Ke6 60. Ra2 Re3 61. Ra5 Re2 62. Rb5 Re5 63. Rb2 g5 64. hxg5 fxg5 65. Rf2 Rf5 66. Ra2 Rf3 67. Kg2 Re3 68. Ra5 Kf6 69. Rb5 Rd3 70. Rb6+ Kf5 71. Rb5+ Kf6 72. Rb6+ Ke5 73. Rb5+ Rd5 74. Rb2 Kf5 1/2-1/2